| 000 -LEADER | |
|---|---|
| fixed length control field | 00407nam a22001697a 4500 |
| 005 - DATE AND TIME OF LATEST TRANSACTION | |
| control field | 20160518114228.0 |
| 008 - FIXED-LENGTH DATA ELEMENTS--GENERAL INFORMATION | |
| fixed length control field | 160518b xxu||||| |||| 00| 0 eng d |
| 020 ## - INTERNATIONAL STANDARD BOOK NUMBER | |
| ISBN | 81-85989-36-2 |
| 041 ## - LANGUAGE CODE | |
| Language code of text/sound track or separate title | eng |
| 082 ## - DEWEY DECIMAL CLASSIFICATION NUMBER | |
| Item number | 2847 |
| 100 ## - MAIN ENTRY--AUTHOR NAME | |
| Personal name | Sinha K.K. |
| 245 ## - TITLE STATEMENT | |
| Title | Business Communication |
| 260 ## - PUBLICATION, DISTRIBUTION, ETC. (IMPRINT) | |
| Place of publication | New Delhi |
| Name of publisher | Galgotia Publ. Pvt. Ltd. |
| Year of publication | 2000 |
| 300 ## - PHYSICAL DESCRIPTION | |
| Number of Pages | 654 |
| 650 ## - SUBJECT ADDED ENTRY--TOPICAL TERM | |
| Topical Term | Management |
| 942 ## - ADDED ENTRY ELEMENTS (KOHA) | |
| Koha item type | Books |
| Lost status | Damaged status | Collection code | Home library | Current library | Shelving location | Date acquired | Cost, normal purchase price | Full call number | Accession Number | Koha item type |
|---|---|---|---|---|---|---|---|---|---|---|
| MANAGEMENT | JRU Library | JRU Library | SHELF-62 -L | 18/05/2016 | 325.00 | 2847 | 2847 | Books | ||
| MANAGEMENT | JRU Library | JRU Library | SHELF-62 -L | 18/05/2016 | 325.00 | 2847 | 2848 | Books | ||
| MANAGEMENT | JRU Library | JRU Library | SHELF-62 -L | 18/05/2016 | 325.00 | 2847 | 2849 | Books | ||
| MANAGEMENT | JRU Library | JRU Library | SHELF-62 -L | 18/05/2016 | 325.00 | 2847 | 2850 | Books | ||
| MANAGEMENT | JRU Library | JRU Library | SHELF-62 -L | 18/05/2016 | 325.00 | 2847 | 2851 | Books | ||
| MANAGEMENT | JRU Library | JRU Library | SHELF-62 -L | 18/05/2016 | 325.00 | 2847 | 2852 | Books | ||
| MANAGEMENT | JRU Library | JRU Library | SHELF-62 -L | 18/05/2016 | 325.00 | 2847 | 2853 | Books | ||
| Reference | JRU Library | SHELF-30-I | 18/05/2016 | 325.00 | 2847 | 2854 | Books | |||
| MANAGEMENT | JRU Library | JRU Library | SHELF-62 -K | 18/05/2016 | 325.00 | 2847 | 2855 | Books | ||
| MANAGEMENT | JRU Library | JRU Library | SHELF-62 -K | 18/05/2016 | 325.00 | 2847 | 2856 | Books |